01206 a2200193 4500003000500000005001700005040000900022082001100031100002200042245007600064260004400140300001200184505064700196650001500843651002200858942001200880999001900892952010100911Nust20170207154200.0 cNust a515.15 aThomas, George B. aCalculus and analytic geometry / ceorge B. Thomas, Jr., Ross L. Finney aReading, Mass. :bAddison-Wesley,c1972 a1034 P. aThe Rate of Change of a Function (Page-1) Derivatives of Algebraic Functions (Page-62) Applications (Page-112) Integration (Page-164) Application of the Definite Integral (Page-231) Transcendental Functions (Page-300) Methods of Integration (Page-348) Determinants and Linear Equations (Page-408) Plane Analytic Geometry (Page-449) Hyperbolic Functions (Page-522) Polar Coordinates (Page-547) Vectors and Parametric Equations (Page-573) Solid Geometry and Vectors (Page-615) Partial Differentiation (Page-674) Multiple Integrals (Page-750) Infinite Series (Page-789) Complex Numbers and Functions (Page-863) Differential Equations (Page-899)  aCalculus.  aAnalytic Geometry 2ddccBK c194675d194675 00102ddc40708NFICaMCSbMCSd2016-12-12l0o515.5 THOpMCS7282r2016-12-08w2016-12-12yBK